| 000 | 00597nam a22001697a 4500 | ||
|---|---|---|---|
| 999 |
_c8151 _d8152 |
||
| 008 | 190712b ||||| |||| 00| 0 eng d | ||
| 020 | _a9780061252792 | ||
| 082 | _a658.4 HAW | ||
| 100 | _aHawken, Paul. | ||
| 245 |
_aThe ecology of commerce : _ba declaration of sustainability. |
||
| 250 | _bRev. ed. | ||
| 260 |
_aNew York : _bHarper Business, _c2010. |
||
| 300 |
_a xxiii, 224 p. ; _c21 cm. |
||
| 500 | _a Includes bibliographical references and index. | ||
| 650 | _a Social responsibility of business. Sustainable development. Economic development--Environmental aspects. | ||
| 942 | _2ddc | ||